| 000 | 01330nam a22002297a 4500 | ||
|---|---|---|---|
| 999 |
_c62191 _d62191 |
||
| 003 | Ge_BSU | ||
| 005 | 20240730170325.0 | ||
| 008 | 240730s2023 ge ||||| |||| 00| 0 geo d | ||
| 041 | _ageo | ||
| 080 | _a94(=351.4)(479.22) +314.72(479.22)ხ-22 | ||
| 100 |
_aხანგოშვილი, ხასო _eავტორი. _923015 |
||
| 245 |
_aქართულ-ვაინახური მიგრაციები / _c ხასო ხანგოშვილი ; რედაქტორი ადამ ბექაური ; ილუსტრაციების ავტორი ნათელა ცათიაშვილი. |
||
| 264 |
_aთბილისი, _c2023. |
||
| 300 |
_a160 გვ. : _bილ., პორტრ. ; _c20 სმ. |
||
| 504 | _aბიბლიოგრაფია: გვ. 158-159. | ||
| 653 | _aქისტები საქართველოში. მოსახლეობის მიგრაცია საქართველოში. | ||
| 653 | _aისტორია | ||
| 700 |
_aბექაური, ადამ _e რედაქტორი _923016 |
||
| 700 |
_aნათელა ცათიაშვილი. _eილუსტრაციების ავტორი _923017 |
||
| 773 | _tნაჩუქარი | ||
| 942 |
_2udc _cBK |
||